{"text_format":"3","workbook":"xls","n_sheets":3,"sheets":["Sheet1","Sheet2","Sheet3"],"read":"whole","date_system":"1900","formulas":"cached_only"}

{"sheet":"Sheet1","index":0,"n_rows":28,"n_cols":9,"rows_kept":28,"merged":[[0,1,0,5],[27,2,27,8]],"flags":["formulas_cached_only"]}
[null,"清单控制价"]
["序号","品名","规格型号","单位","数量","最高单价","投标报价","合价","备注"]
[1,"水下灯","10W","只",363,133,null,null,48279]
[2,"电磁阀","DN25","个",20,216,null,null,4320]
[3,"不锈钢水泵","QSP40-8-1.5","台",4,3020,null,null,12080]
[4,"不锈钢水泵","QSP80-12-4","台",1,3847,null,null,3847]
[5,"不锈钢水泵","QSP65-4-3","台",2,3560,null,null,7120]
[6,"水下电机组","1.1KW","套",4,1990,null,null,7960]
[7,"变频器","3.7KW","台",2,3967,null,null,7934]
[8,"变频器","7.5KW","台",2,5534,null,null,11068]
[9,"泵电缆","FS-YTV-3*4+1*1.5","米",370,14.6,null,null,5402]
[10,"泵电缆","FS-YTV-3*2.5+1*1.6","米",4810,10.2,null,null,49062]
[11,"灯电缆","YTTV-2*2.5","米",2310,5.9,null,null,13629]
[12,"音箱电缆","FS-YTV-2*2.5","米",800,6.4,null,null,5120]
[13,"电磁阀电缆","FS-YTV-37*1","米",400,22.17,null,null,8868]
[14,"电磁阀电缆","FS-YTV-2*1","米",336,3.03,null,null,1018.0799999999999]
[15,"音箱","300W防雨","只",2,3546.67,null,null,7093.34]
[16,"不锈钢格栅维修",null,"项",1,2500,null,null,2500]
[17,"控制系统升级维护",null,"项",1,7866,null,null,7866]
[18,"乐曲编辑",null,"首",10,983,null,null,9830]
[19,"电缆管顶管施工",null,"米",150,136,null,null,20400]
[20,"人工费",null,"日工时",28,273,null,null,7644]
[21,"车旅、运输费",null,"项",1,2166,null,null,2166]
[22,"伙食、住宿费",null,"项",1,3166,null,null,3166]
[23,"小计",{"$nulls":6},246372.41999999998]
[24,"税金",null,null,{"v":0.11,"d":"11%"},{"$nulls":3},27100.9662]
[25,"合计",{"$nulls":6},273473.3862]
[26,"大写金额"]

{"sheet":"Sheet2","index":1,"n_rows":0,"n_cols":0,"rows_kept":0,"flags":["formulas_cached_only"]}

{"sheet":"Sheet3","index":2,"n_rows":0,"n_cols":0,"rows_kept":0,"flags":["formulas_cached_only"]}